Представление документа в формате RUSMARC

ПолеНазваниеЗначение
  Тип записи a
  Библиографический уровень m
001 Контрольный номер c553b054fa7a453ea1ca1db8880bfe72
005 Дата корректировки 20201214143958.4
010 Индекс ISBN __
a ISBN 978-5-4484-0532-7 (в пер.)
d Цена 371-10; 384-67, 2000 экз.
100 Данные общей обработки __
a Данные общей обработки 19190715d2018||||||| 0rusy0189 ca
101 Язык документа 0_
a Язык текста rus
102 Страна публикации __
a Страна публикации ru
102 Страна публикации __
a Страна публикации RU
105 Кодированные данные (монография) __
a Кодированные данные (монография) с||||||||||zy
200 Заглавие и сведения об ответственности 1_
a Заглавие Заблудшие
e Сведения, относящиеся к заглавию [роман]
f Первые сведения об ответственности Денис Гербер
b Общее обозначение материала Текст
210 Выходные данные __
a Место издания Москва
c Издательство Вече
d Дата издания 2018
215 Физическое описание __
a Объем 287 с.
d Формат 21 см
e Сопроводительные материалы
225 Серия __
a Серия Сибирский приключенческий роман
330 Аннотация __
a Аннотация Восточная Сибирь, середина XI века. У подножия Саянских гор строится православный скит - в будущем знаменитая Нилова пустынь. Однако живут в тех краях не только монахи. В горах и лесистых предгорьях обитают буряты-охотники, беглые каторжники и прочий лихой люд. Юный послушник Никита отправляется в горы, чтобы исполнить таинственное поручение отца Зосимы, настоятеля Ниловой пустыни, а заодно и найти ответы на вопросы о том, зачем человеку даются испытания. Как их преодолеть? Как остаться человеком, находясь на грани жизни и смерти...
333 Примечание о целевом назначении __
a Примечание о целевом назначении 12+. Для детей старше 12 лет
606 Тематические рубрики __
a Основная рубрика Художественная литература
606 Тематические рубрики __
a Основная рубрика Современная русская литература (произведения)
610 Ключевые слова __
a Ключевые слова романы
610 Ключевые слова __
a Ключевые слова тема истории
610 Ключевые слова __
a Ключевые слова исторические романы
610 Ключевые слова __
a Ключевые слова романы-хроники
610 Ключевые слова __
a Ключевые слова романы-исследования
610 Ключевые слова __
a Ключевые слова исторические личности
610 Ключевые слова __
a Ключевые слова тема исторических личностей
610 Ключевые слова __
a Ключевые слова тема испытаний
686 Индексы других классификаций __
2 Код системы rubbks
a Классификационный индекс 84(2=411.2)6-4; ст84(2=411.2)6-4
700 Автор _1
a Фамилия Гербер
b Имя Д. В.
g Полное личное имя Денис Владимирович
4 Код отношения 070
801 Источник записи _0
a Страна ru
b Организация Муниципальное бюджетное учреждение культуры "Централизованная библиотечная система" г. Сургут (Центральная городская библиотека им. А. С. Пушкина)
c Дата составления 20190715
g Правила каталогизации PSBO
801 Источник записи _1
a Страна ru
b Организация Муниципальное бюджетное учреждение культуры "Централизованная библиотечная система" г. Сургут (Центральная городская библиотека им. А. С. Пушкина)
c Дата составления 20190715
g Правила каталогизации PSBO
852 Данные о местонахождении __
j Шифр хранения 84(2=411.2)6-4
i Авторский знак Г 37
901 Тип документа __
a Ответственный ООФиК/Волкова
t Тип документа m
903 Характеристики (МАРС) __
a Дата передачи 20200225; 20190715
990 Данные о заказе (DOS) __
j Количество экземпляров (DOS) 1; 7
t N записи в КСУ для И/У (DOS) 202003; 201908